| 000 | 00533nam a2200181 i 4500 | ||
|---|---|---|---|
| 001 | 6835 | ||
| 003 | ES-MaACL | ||
| 005 | 20230906145114.0 | ||
| 008 | 900605s1985 sp d ||||1| spa d | ||
| 020 | _a84-303-1023-1 | ||
| 080 | _a46.3=917 | ||
| 100 | 1 |
_aMartínez Calvo, Luis. _977915 |
|
| 245 | 1 | 0 |
_aDiccionario español-ruso / _cL. Martínez Calvo. |
| 260 |
_aBarcelona : _bSopena, _c[1985] |
||
| 300 |
_a859 p. ; _c25 cm. |
||
| 650 | 4 |
_aLengua española- _vDiccionarios- _xRuso. _914147 |
|
| 852 |
_aES-MaACL _jL-14012 _z- Enc. hol. |
||
| 999 |
_c6835 _d6835 |
||